000 01293cam a2200205 4500500
005 20260208005114.0
041 _afre
042 _adc
100 1 0 _aGelly, Christophe
_eauthor
245 0 0 _aGone Girl (David Fincher, 2014) : Médias, mensonges et manipulation
260 _c2017.
500 _a83
520 _aFincher’s film appears as a violent attack on a media system which raises accusations against a man whose wife tries to get him indicted for her murder, but the more general tenor of the film lies in an examination of our relation to images and the unstable meanings they are attributed in a hyper-media society. Through his staging of the illegibility of images, Fincher calls upon his spectators to take critical distance with representations. To that effect, he draws on a set of references which include both the filmic tradition and the status of images as “proofs” in the media and audiovisual discourses.
690 _aétudes filmiques
690 _amanipulation
690 _amédias
690 _arenversement de l’intrigue
786 0 _nRevue française d’études américaines | 150 | 1 | 2017-07-01 | p. 73-85 | 0397-7870
856 4 1 _uhttps://shs.cairn.info/revue-francaise-d-etudes-americaines-2017-1-page-73?lang=fr&redirect-ssocas=7080
999 _c1650602
_d1650602